[Event "Marianske Lazne 2023"]
[Site "?"]
[Date "2023.01.17"]
[Round "4.13"]
[White "Stinka, Jakub"]
[Black "Pisk, Petr"]
[Result "1/2-1/2"]
[BlackElo "2305"]
[WhiteElo "2301"]
[LiveChessVersion "1.4.8"]

1. d4 {[%clk 1:28:02]} Nf6 {[%clk 1:30:42]} 2. c4 {[%clk 1:28:12]} e6
{[%clk 1:30:47]} 3. Nf3 {[%clk 1:28:06]} d5 {[%clk 1:29:48]} 4. Bg5
{[%clk 1:28:18]} Bb4+ {[%clk 1:26:36]} 5. Nc3 {[%clk 1:28:14]} h6
{[%clk 1:24:26]} 6. Bxf6 {[%clk 1:28:20]} Qxf6 {[%clk 1:23:58]} 7. e3
{[%clk 1:28:03]} O-O {[%clk 1:21:11]} 8. Rc1 {[%clk 1:26:53]} Nc6
{[%clk 1:09:58]} 9. Bd3 {[%clk 1:20:24]} dxc4 {[%clk 1:03:50]} 10. Bxc4
{[%clk 1:20:44]} e5 {[%clk 0:58:28]} 11. O-O {[%clk 1:19:24]} exd4
{[%clk 0:52:37]} 12. Nd5 {[%clk 1:18:58]} Qd6 {[%clk 0:49:46]} 13. Nxd4
{[%clk 1:16:04]} Nxd4 {[%clk 0:47:57]} 14. Qxd4 {[%clk 1:14:33]} Bc5
{[%clk 0:40:04]} 15. Qe4 {[%clk 1:01:43]} c6 {[%clk 0:28:19]} 16. Nf4
{[%clk 0:55:19]} Qe7 {[%clk 0:10:54]} 17. Qxe7 {[%clk 0:40:55]} Bxe7
{[%clk 0:11:20]} 18. Ng6 {[%clk 0:41:11]} Re8 {[%clk 0:11:18]} 19. Ne5
{[%clk 0:41:19]} Be6 {[%clk 0:06:51]} 20. Bxe6 {[%clk 0:40:57]} fxe6
{[%clk 0:07:18]} 21. Rfd1 {[%clk 0:39:11]} Red8 {[%clk 0:05:27]} 22. Nc4
{[%clk 0:33:34]} Rxd1+ {[%clk 0:03:52]} 23. Rxd1 {[%clk 0:33:59]} Rd8
{[%clk 0:04:17]} 24. Rxd8+ {[%clk 0:32:24]} Bxd8 {[%clk 0:04:45]} 25. Kf1
{[%clk 0:30:29]} Bc7 {[%clk 0:05:05]} 26. Ke2 {[%clk 0:26:46]} Kf7
{[%clk 0:02:18]} 27. Kf3 {[%clk 0:23:54]} Kf6 {[%clk 0:01:51]} 28. Ke4
{[%clk 0:22:05]} Kf7 {[%clk 0:01:43]} 29. h4 {[%clk 0:19:06]} h5 {[%clk 0:01:24]}
30. Ne5+ {[%clk 0:16:08]} Kf6 {[%clk 0:00:56]} 31. Nd7+ {[%clk 0:12:54]} Ke7
{[%clk 0:01:21]} 32. Nc5 {[%clk 0:13:20]} b6 {[%clk 0:01:05]} 33. Nd3
{[%clk 0:12:49]} Kf6 {[%clk 0:00:38]} 34. b4 {[%clk 0:04:47]} Bd6
{[%clk 0:00:37]} 35. g3 1/2-1/2

[Event "Marianske Lazne 2023"]
[Site "?"]
[Date "2023.01.17"]
[Round "4.14"]
[White "Krivenko, Dion"]
[Black "Plischki, Sebastian"]
[Result "0-1"]
[BlackElo "2331"]
[WhiteElo "2141"]
[LiveChessVersion "1.4.8"]

1. e4 {[%clk 1:30:58]} c5 {[%clk 1:30:28]} 2. Nf3 {[%clk 1:31:08]} e6
{[%clk 1:30:48]} 3. Nc3 {[%clk 1:30:37]} a6 {[%clk 1:30:44]} 4. d4
{[%clk 1:30:21]} cxd4 {[%clk 1:31:02]} 5. Nxd4 {[%clk 1:30:45]} b5
{[%clk 1:29:38]} 6. g4 {[%clk 1:27:53]} Bb7 {[%clk 1:29:05]} 7. a3
{[%clk 1:27:24]} Nc6 {[%clk 1:23:17]} 8. Nxc6 {[%clk 1:21:07]} Bxc6
{[%clk 1:23:33]} 9. Be3 {[%clk 1:17:39]} Qc7 {[%clk 1:16:55]} 10. Bg2
{[%clk 1:12:36]} Ne7 {[%clk 1:05:47]} 11. O-O {[%clk 0:51:35]} Ng6
{[%clk 1:03:28]} 12. f4 {[%clk 0:40:17]} Be7 {[%clk 0:55:30]} 13. Nd5
{[%clk 0:34:27]} Bxd5 {[%clk 0:48:17]} 14. exd5 {[%clk 0:34:00]} Rc8
{[%clk 0:48:29]} 15. Kh1 {[%clk 0:24:15]} O-O {[%clk 0:47:29]} 16. c3
{[%clk 0:24:27]} Bc5 {[%clk 0:41:39]} 17. Qd2 {[%clk 0:22:36]} e5
{[%clk 0:34:52]} 18. f5 {[%clk 0:13:07]} Bxe3 {[%clk 0:35:09]} 19. Qxe3
{[%clk 0:13:36]} Nf4 {[%clk 0:35:24]} 20. f6 {[%clk 0:13:21]} gxf6
{[%clk 0:26:01]} 21. Be4 {[%clk 0:11:33]} Kg7 {[%clk 0:25:54]} 22. Qg3
{[%clk 0:07:48]} h6 {[%clk 0:23:29]} 23. Rae1 {[%clk 0:06:41]} Qd6
{[%clk 0:22:52]} 24. h3 {[%clk 0:03:21]} Rh8 {[%clk 0:20:51]} 25. Qf3
{[%clk 0:01:42]} h5 {[%clk 0:15:55]} 26. Rg1 {[%clk 0:02:10]} hxg4
{[%clk 0:14:46]} 27. Rxg4+ {[%clk 0:02:28]} Kf8 {[%clk 0:15:03]} 28. h4
{[%clk 0:00:36]} Rc5 {[%clk 0:06:20]} 29. Rxf4 {[%clk 0:00:35]} exf4
{[%clk 0:06:43]} 30. Qg4 {[%clk 0:00:33]} Rc8 {[%clk 0:05:08]} 31. Rg1
{[%clk 0:00:32]} Ke7 {[%clk 0:04:15]} 32. Re1 {[%clk 0:01:01]} Kd8
{[%clk 0:03:17]} 33. Bf3 {[%clk 0:00:46]} Kc7 {[%clk 0:03:21]} 34. h5
{[%clk 0:00:50]} Rhg8 {[%clk 0:03:13]} 35. Qf5 {[%clk 0:00:49]} Rg3
{[%clk 0:02:56]} 36. Qe4 {[%clk 0:00:39]} Rcg8 {[%clk 0:03:02]} 37. Kh2
{[%clk 0:00:34]} Kb8 {[%clk 0:01:44]} 38. c4 {[%clk 0:00:36]} f5 {[%clk 0:02:00]}
39. Qxf5 {[%clk 0:00:32]} Rxf3 {[%clk 0:02:15]} 40. Qxf7 {[%clk 0:00:49]} Rfg3
{[%clk 0:01:48]} 41. c5 {[%clk 0:00:39]} Qxc5 {[%clk 0:00:52]} 42. Qxf4+
{[%clk 0:00:48]} Qc7 {[%clk 0:00:34]} 43. Re8+ {[%clk 0:00:53]} Rxe8
{[%clk 0:00:57]} 44. Qxg3 {[%clk 0:01:11]} Qxg3+ {[%clk 0:01:11]} 45. Kxg3
{[%clk 0:01:39]} Kc7 {[%clk 0:01:34]} 46. Kf4 {[%clk 0:01:15]} Kd6
{[%clk 0:01:59]} 0-1

[Event "Marianske Lazne 2023"]
[Site "?"]
[Date "2023.01.17"]
[Round "4.15"]
[White "Terhuven, Patrick"]
[Black "Pourquet, Matthieu"]
[Result "0-1"]
[BlackElo "2212"]
[WhiteElo "2174"]
[LiveChessVersion "1.4.8"]

1. Nf3 {[%clk 1:30:58]} Nf6 {[%clk 1:29:18]} 2. g3 {[%clk 1:31:22]} c5
{[%clk 1:29:40]} 3. c4 {[%clk 1:31:18]} d5 {[%clk 1:29:25]} 4. cxd5
{[%clk 1:31:36]} Nxd5 {[%clk 1:29:49]} 5. Bg2 {[%clk 1:30:37]} Nc6
{[%clk 1:30:10]} 6. O-O {[%clk 1:30:40]} e5 {[%clk 1:30:34]} 7. Nc3
{[%clk 1:30:56]} Nc7 {[%clk 1:30:59]} 8. a4 {[%clk 1:30:43]} Be7 {[%clk 1:30:20]}
9. a5 {[%clk 1:30:28]} Bd7 {[%clk 1:29:33]} 10. d3 {[%clk 1:30:19]} O-O
{[%clk 1:28:04]} 11. Nd2 {[%clk 1:28:30]} Kh8 {[%clk 1:27:32]} 12. Nc4
{[%clk 1:28:21]} f6 {[%clk 1:26:13]} 13. Be3 {[%clk 1:25:47]} Ne6
{[%clk 1:07:10]} 14. Nd5 {[%clk 1:14:56]} Rb8 {[%clk 1:05:53]} 15. Bd2
{[%clk 1:11:47]} Re8 {[%clk 0:55:59]} 16. Nxe7 {[%clk 1:10:57]} Qxe7
{[%clk 0:56:04]} 17. Re1 {[%clk 1:09:00]} Red8 {[%clk 0:49:21]} 18. Bc3
{[%clk 1:07:18]} Qf8 {[%clk 0:46:44]} 19. b3 {[%clk 1:06:32]} Be8
{[%clk 0:43:18]} 20. Qb1 {[%clk 1:01:24]} Rbc8 {[%clk 0:43:22]} 21. Qb2
{[%clk 0:59:13]} Rc7 {[%clk 0:38:29]} 22. Rab1 {[%clk 0:56:54]} Ned4
{[%clk 0:38:13]} 23. Kf1 {[%clk 0:55:32]} Bh5 {[%clk 0:32:43]} 24. Bxc6
{[%clk 0:52:07]} Nxc6 {[%clk 0:26:14]} 25. b4 {[%clk 0:50:07]} cxb4
{[%clk 0:26:27]} 26. Bxb4 {[%clk 0:50:23]} Qf7 {[%clk 0:26:38]} 27. f3
{[%clk 0:47:56]} Nd4 {[%clk 0:23:03]} 28. Rbc1 {[%clk 0:34:41]} Rcd7
{[%clk 0:21:17]} 29. Kg2 {[%clk 0:29:51]} Qe6 {[%clk 0:19:52]} 30. Bc3
{[%clk 0:27:33]} Nc6 {[%clk 0:12:25]} 31. Bd2 {[%clk 0:19:34]} Bf7
{[%clk 0:11:55]} 32. g4 {[%clk 0:17:33]} e4 {[%clk 0:05:19]} 33. dxe4
{[%clk 0:16:08]} Rd4 {[%clk 0:05:26]} 34. Qxb7 {[%clk 0:12:43]} Rxc4
{[%clk 0:05:49]} 35. Rxc4 {[%clk 0:11:35]} Qxc4 {[%clk 0:06:15]} 36. Be3
{[%clk 0:11:28]} Rb8 {[%clk 0:04:24]} 37. Qc7 {[%clk 0:11:00]} Rb2
{[%clk 0:04:17]} 38. Kf2 {[%clk 0:10:50]} a6 {[%clk 0:02:48]} 39. g5
{[%clk 0:08:27]} fxg5 {[%clk 0:03:06]} 40. Bxg5 {[%clk 0:08:38]} Bg8
{[%clk 0:01:36]} 41. h4 {[%clk 0:07:24]} Nb4 {[%clk 0:20:47]} 42. Qxc4
{[%clk 0:35:12]} Bxc4 {[%clk 0:21:13]} 43. Kg3 {[%clk 0:34:49]} h6
{[%clk 0:20:49]} 44. Bf4 {[%clk 0:34:37]} Rxe2 {[%clk 0:17:13]} 45. Rb1
{[%clk 0:30:41]} Nc6 {[%clk 0:16:59]} 46. Rb7 {[%clk 0:30:31]} Bb5
{[%clk 0:15:22]} 47. Kg4 {[%clk 0:29:58]} Kh7 {[%clk 0:12:33]} 48. Kh5
{[%clk 0:27:41]} Nxa5 {[%clk 0:10:07]} 49. Re7 {[%clk 0:28:01]} Nc6
{[%clk 0:10:26]} 50. Rb7 {[%clk 0:25:32]} Rg2 {[%clk 0:08:08]} 51. Bxh6
{[%clk 0:22:40]} Be2 {[%clk 0:08:30]} 52. Rf7 {[%clk 0:22:19]} Bxf3+
{[%clk 0:08:52]} 53. Rxf3 {[%clk 0:22:43]} g6# {[%clk 0:09:18]} 0-1

[Event "Marianske Lazne 2023"]
[Site "?"]
[Date "2023.01.17"]
[Round "4.16"]
[White "Garsky, Vladyslav"]
[Black "Jurek, Josef"]
[Result "1-0"]
[BlackElo "2230"]
[WhiteElo "2169"]
[LiveChessVersion "1.4.8"]

1. e4 {[%clk 1:30:53]} e6 {[%clk 1:30:38]} 2. d4 {[%clk 1:30:54]} d5
{[%clk 1:30:53]} 3. e5 {[%clk 1:30:55]} c5 {[%clk 1:30:27]} 4. c3
{[%clk 1:30:53]} Nc6 {[%clk 1:30:30]} 5. Nf3 {[%clk 1:31:18]} Bd7
{[%clk 1:30:12]} 6. Bd3 {[%clk 1:31:19]} cxd4 {[%clk 1:30:13]} 7. cxd4
{[%clk 1:31:45]} Qb6 {[%clk 1:30:11]} 8. O-O {[%clk 1:31:49]} Nxd4
{[%clk 1:30:28]} 9. Nbd2 {[%clk 1:32:02]} Ne7 {[%clk 1:19:26]} 10. Nxd4
{[%clk 1:29:53]} Qxd4 {[%clk 1:19:41]} 11. Nf3 {[%clk 1:30:21]} Qb6
{[%clk 1:14:00]} 12. Be3 {[%clk 1:30:20]} Qa5 {[%clk 1:06:07]} 13. b4
{[%clk 1:23:40]} Qxb4 {[%clk 1:02:08]} 14. Rb1 {[%clk 1:23:30]} Qa4
{[%clk 0:58:55]} 15. Qe2 {[%clk 1:13:23]} Nf5 {[%clk 0:53:17]} 16. Rxb7
{[%clk 1:01:48]} Nxe3 {[%clk 0:45:51]} 17. fxe3 {[%clk 1:01:00]} a6
{[%clk 0:41:52]} 18. Ng5 {[%clk 0:52:10]} Be7 {[%clk 0:39:49]} 19. Nxf7
{[%clk 0:51:09]} Rf8 {[%clk 0:30:56]} 20. Qh5 {[%clk 0:51:14]} Qc6
{[%clk 0:26:04]} 21. Bxh7 {[%clk 0:34:43]} Qc5 {[%clk 0:23:23]} 22. Nd6+
{[%clk 0:23:46]} Kd8 {[%clk 0:23:41]} 23. Rxf8+ {[%clk 0:23:41]} Bxf8
{[%clk 0:24:00]} 24. Qf7 {[%clk 0:23:41]} Qxe3+ {[%clk 0:19:58]} 25. Kf1
{[%clk 0:24:04]} Qc1+ {[%clk 0:13:02]} 26. Kf2 {[%clk 0:22:02]} Qd2+
{[%clk 0:12:06]} 27. Kf3 {[%clk 0:18:26]} Qc3+ {[%clk 0:06:17]} 28. Kg4
{[%clk 0:18:28]} Qd4+ {[%clk 0:05:29]} 29. Kh3 {[%clk 0:18:45]} Qe3+
{[%clk 0:04:09]} 30. g3 {[%clk 0:19:10]} Qh6+ {[%clk 0:03:55]} 31. Kg4
{[%clk 0:19:35]} 1-0

[Event "Marianske Lazne 2023"]
[Site "?"]
[Date "2023.01.17"]
[Round "4.17"]
[White "Besou, Hussain"]
[Black "Mannion, Stephen R"]
[Result "1-0"]
[BlackElo "2224"]
[WhiteElo "2288"]
[LiveChessVersion "1.4.8"]

1. e4 {[%clk 1:30:58]} e5 {[%clk 1:30:54]} 2. Nf3 {[%clk 1:31:22]} Nf6
{[%clk 1:31:19]} 3. Nxe5 {[%clk 1:31:30]} d6 {[%clk 1:31:41]} 4. Nf3
{[%clk 1:31:54]} Nxe4 {[%clk 1:32:02]} 5. Nc3 {[%clk 1:31:42]} Nxc3
{[%clk 1:32:17]} 6. dxc3 {[%clk 1:32:05]} Be7 {[%clk 1:32:32]} 7. Be3
{[%clk 1:32:23]} O-O {[%clk 1:32:48]} 8. Qd2 {[%clk 1:32:47]} Nd7
{[%clk 1:33:06]} 9. O-O-O {[%clk 1:31:20]} Nf6 {[%clk 1:33:26]} 10. Bd3
{[%clk 1:24:35]} c5 {[%clk 1:33:42]} 11. Kb1 {[%clk 1:13:08]} Qa5
{[%clk 1:28:42]} 12. c4 {[%clk 1:10:41]} Qxd2 {[%clk 1:28:45]} 13. Rxd2
{[%clk 1:11:02]} h6 {[%clk 1:26:05]} 14. Re1 {[%clk 0:59:46]} Be6
{[%clk 1:25:33]} 15. Nh4 {[%clk 0:59:21]} Ng4 {[%clk 1:23:54]} 16. Nf5
{[%clk 0:59:06]} Bxf5 {[%clk 1:24:05]} 17. Bxf5 {[%clk 0:59:29]} Nxe3
{[%clk 1:24:01]} 18. fxe3 {[%clk 0:59:44]} Rad8 {[%clk 1:22:41]} 19. Be4
{[%clk 0:59:27]} Bf6 {[%clk 1:22:13]} 20. c3 {[%clk 0:58:01]} b6 {[%clk 1:16:38]}
21. Kc2 {[%clk 0:55:38]} Rfe8 {[%clk 1:14:00]} 22. Bd5 {[%clk 0:54:54]} Re7
{[%clk 1:12:51]} 23. Rf2 {[%clk 0:51:57]} Be5 {[%clk 1:04:59]} 24. Ref1
{[%clk 0:50:31]} Rf8 {[%clk 0:58:39]} 25. g4 {[%clk 0:49:59]} g6 {[%clk 0:58:35]}
26. a4 {[%clk 0:49:40]} a5 {[%clk 0:56:44]} 27. Kd3 {[%clk 0:41:09]} Kg7
{[%clk 0:55:26]} 28. h4 {[%clk 0:39:05]} Bg3 {[%clk 0:52:10]} 29. Rf6
{[%clk 0:39:26]} Rd7 {[%clk 0:31:15]} 30. h5 {[%clk 0:37:49]} Be5
{[%clk 0:26:23]} 31. R6f2 {[%clk 0:34:29]} g5 {[%clk 0:20:32]} 32. Rf5
{[%clk 0:32:56]} Re7 {[%clk 0:19:14]} 33. Ra1 {[%clk 0:31:21]} Rfe8
{[%clk 0:17:22]} 34. Ra3 {[%clk 0:30:07]} Bf6 {[%clk 0:10:42]} 35. Rf3
{[%clk 0:29:51]} Ra7 {[%clk 0:10:31]} 36. Rb3 {[%clk 0:28:52]} Bd8
{[%clk 0:10:53]} 37. Rb5 {[%clk 0:27:44]} Ree7 {[%clk 0:06:23]} 38. Rf1
{[%clk 0:27:45]} Bc7 {[%clk 0:06:17]} 39. Ra1 {[%clk 0:24:07]} Bd8
{[%clk 0:06:05]} 40. b4 {[%clk 0:23:01]} axb4 {[%clk 0:01:17]} 41. cxb4
{[%clk 0:23:22]} cxb4 {[%clk 0:01:09]} 42. Rxb4 {[%clk 0:23:36]} Ra5
{[%clk 0:00:38]} 43. Rf1 {[%clk 0:18:20]} Rea7 {[%clk 0:29:58]} 44. Kc2
{[%clk 0:47:46]} Re7 {[%clk 0:28:00]} 45. e4 {[%clk 0:45:13]} Rea7
{[%clk 0:26:47]} 46. Kb3 {[%clk 0:44:10]} R5a6 {[%clk 0:18:37]} 47. Kc2
{[%clk 0:41:27]} Ra5 {[%clk 0:18:17]} 48. Kb3 {[%clk 0:41:04]} R5a6
{[%clk 0:18:45]} 49. Bc6 {[%clk 0:41:14]} Re7 {[%clk 0:16:05]} 50. Kc2
{[%clk 0:41:02]} Ra5 {[%clk 0:15:34]} 51. Kd3 {[%clk 0:38:54]} Rc5
{[%clk 0:13:54]} 52. Bd5 {[%clk 0:38:17]} Ra7 {[%clk 0:14:09]} 53. Rb5
{[%clk 0:37:36]} Rxb5 {[%clk 0:13:47]} 54. cxb5 {[%clk 0:37:21]} Bf6
{[%clk 0:13:28]} 55. Rc1 {[%clk 0:36:46]} Rxa4 {[%clk 0:11:45]} 56. Rc7
{[%clk 0:36:49]} Ra3+ {[%clk 0:11:56]} 57. Ke2 {[%clk 0:36:47]} Bd4
{[%clk 0:11:28]} 58. Rxf7+ {[%clk 0:37:08]} Kh8 {[%clk 0:11:55]} 59. Rf8+
{[%clk 0:31:28]} Kg7 {[%clk 0:12:00]} 60. Rg8+ {[%clk 0:31:31]} Kh7
{[%clk 0:12:21]} 61. Rg6 {[%clk 0:30:06]} Bc5 {[%clk 0:11:55]} 62. Bg8+
{[%clk 0:30:07]} Kh8 {[%clk 0:12:19]} 63. Be6 {[%clk 0:30:29]} Re3+
{[%clk 0:10:12]} 64. Kd2 {[%clk 0:30:39]} Rxe4 {[%clk 0:10:11]} 65. Rxh6+
{[%clk 0:30:58]} Kg7 {[%clk 0:10:40]} 66. Rg6+ {[%clk 0:31:19]} Kh8
{[%clk 0:10:00]} 67. Bf5 {[%clk 0:30:49]} Re8 {[%clk 0:06:34]} 68. Kd3
{[%clk 0:28:14]} d5 {[%clk 0:06:09]} 69. Rxg5 {[%clk 0:27:03]} Re3+
{[%clk 0:05:43]} 70. Kd2 {[%clk 0:26:28]} d4 {[%clk 0:06:01]} 71. Bd3
{[%clk 0:23:45]} Rg3 {[%clk 0:05:45]} 72. Rg6 {[%clk 0:23:21]} Rg2+
{[%clk 0:06:02]} 73. Be2 {[%clk 0:23:43]} Rg3 {[%clk 0:05:49]} 74. Rf6
{[%clk 0:19:32]} Bb4+ {[%clk 0:05:33]} 75. Kc2 {[%clk 0:19:20]} Rc3+
{[%clk 0:03:39]} 76. Kb2 {[%clk 0:16:07]} Ba3+ {[%clk 0:03:13]} 77. Ka2
{[%clk 0:15:20]} Bc5 {[%clk 0:02:39]} 78. Bd1 {[%clk 0:14:03]} d3
{[%clk 0:02:54]} 79. Rf3 {[%clk 0:11:11]} Bd4 {[%clk 0:02:25]} 80. g5
{[%clk 0:10:16]} d2 {[%clk 0:02:50]} 81. Rf8+ {[%clk 0:10:04]} Kg7
{[%clk 0:02:53]} 82. Rd8 {[%clk 0:08:49]} Be3 {[%clk 0:02:50]} 83. Kb2
{[%clk 0:08:53]} Rc1 {[%clk 0:02:16]} 84. h6+ {[%clk 0:08:25]} Kg6
{[%clk 0:01:13]} 85. Bh5+ {[%clk 0:07:42]} Kxh5 {[%clk 0:01:00]} 86. h7
{[%clk 0:08:06]} Bd4+ {[%clk 0:01:13]} 87. Rxd4 {[%clk 0:08:29]} Rc8
{[%clk 0:01:41]} 88. Rxd2 {[%clk 0:08:43]} Kxg5 {[%clk 0:01:44]} 89. Rg2+
{[%clk 0:08:56]} 1-0

[Event "Marianske Lazne 2023"]
[Site "?"]
[Date "2023.01.17"]
[Round "4.18"]
[White "Holtel, Jasper"]
[Black "Kantorik, Marian"]
[Result "0-1"]
[BlackElo "2199"]
[WhiteElo "2357"]
[LiveChessVersion "1.4.8"]

1. Nf3 {[%clk 1:30:56]} d5 {[%clk 1:30:45]} 2. g3 {[%clk 1:31:19]} Nf6
{[%clk 1:30:44]} 3. Bg2 {[%clk 1:31:40]} g6 {[%clk 1:30:52]} 4. O-O
{[%clk 1:31:21]} Bg7 {[%clk 1:31:18]} 5. d4 {[%clk 1:31:40]} O-O {[%clk 1:31:32]}
6. c4 {[%clk 1:32:02]} c6 {[%clk 1:31:06]} 7. b3 {[%clk 1:32:24]} Ne4
{[%clk 1:29:24]} 8. Bb2 {[%clk 1:32:43]} a5 {[%clk 1:27:51]} 9. Nc3
{[%clk 1:33:03]} Nxc3 {[%clk 1:21:30]} 10. Bxc3 {[%clk 1:32:53]} b5
{[%clk 1:21:40]} 11. cxd5 {[%clk 1:30:22]} cxd5 {[%clk 1:22:02]} 12. Rc1
{[%clk 1:29:52]} Nd7 {[%clk 1:19:10]} 13. Ne5 {[%clk 1:19:01]} Bb7
{[%clk 1:15:28]} 14. Qd2 {[%clk 1:13:39]} b4 {[%clk 1:07:45]} 15. Bb2
{[%clk 1:12:07]} Nxe5 {[%clk 1:06:40]} 16. dxe5 {[%clk 1:12:26]} e6
{[%clk 1:06:48]} 17. Rc2 {[%clk 0:50:07]} Rc8 {[%clk 0:58:42]} 18. Rxc8
{[%clk 0:41:09]} Qxc8 {[%clk 0:59:04]} 19. Rc1 {[%clk 0:41:26]} Qb8
{[%clk 0:58:48]} 20. f4 {[%clk 0:32:34]} Rc8 {[%clk 0:57:49]} 21. Bd4
{[%clk 0:32:38]} Bf8 {[%clk 0:55:50]} 22. Rc2 {[%clk 0:28:28]} Rc6
{[%clk 0:50:21]} 23. Rxc6 {[%clk 0:20:12]} Bxc6 {[%clk 0:50:34]} 24. Kf2
{[%clk 0:18:59]} Qb5 {[%clk 0:49:12]} 25. Qc1 {[%clk 0:18:17]} a4
{[%clk 0:42:44]} 26. Bf3 {[%clk 0:16:40]} Be7 {[%clk 0:41:10]} 27. h4
{[%clk 0:15:41]} h5 {[%clk 0:38:55]} 28. Kg2 {[%clk 0:10:31]} axb3
{[%clk 0:36:20]} 29. axb3 {[%clk 0:10:54]} Qb7 {[%clk 0:27:48]} 30. Kh3
{[%clk 0:09:58]} Bb5 {[%clk 0:26:45]} 31. g4 {[%clk 0:07:26]} hxg4+
{[%clk 0:26:42]} 32. Kxg4 {[%clk 0:06:25]} Qc6 {[%clk 0:24:36]} 33. Qd2
{[%clk 0:05:23]} Bc5 {[%clk 0:21:16]} 34. h5 {[%clk 0:05:43]} Bxd4
{[%clk 0:17:27]} 35. Qxd4 {[%clk 0:06:05]} gxh5+ {[%clk 0:16:26]} 36. Kg5
{[%clk 0:04:50]} Qc2 {[%clk 0:12:33]} 37. Kf6 {[%clk 0:03:25]} Qg6+
{[%clk 0:11:29]} 38. Ke7 {[%clk 0:03:50]} f5 {[%clk 0:11:27]} 39. Kd6
{[%clk 0:01:02]} Qf7 {[%clk 0:07:47]} 40. e3 {[%clk 0:00:37]} Be8
{[%clk 0:02:07]} 41. Qb6 {[%clk 0:25:20]} Qf8+ {[%clk 0:31:36]} 42. Kc7
{[%clk 0:25:30]} Qe7+ {[%clk 0:31:04]} 43. Kb8 {[%clk 0:25:19]} h4
{[%clk 0:28:24]} 44. Bg2 {[%clk 0:20:33]} Bd7 {[%clk 0:25:29]} 45. Kc7
{[%clk 0:17:47]} Ba4+ {[%clk 0:20:55]} 46. Kb8 {[%clk 0:16:33]} Bxb3
{[%clk 0:19:09]} 47. Qd6 {[%clk 0:14:50]} Qxd6+ {[%clk 0:15:37]} 48. exd6
{[%clk 0:15:12]} Ba4 {[%clk 0:16:05]} 49. Bf3 {[%clk 0:15:33]} b3
{[%clk 0:16:09]} 50. Bd1 {[%clk 0:15:55]} b2 {[%clk 0:16:25]} 51. Bxa4
{[%clk 0:16:14]} b1=Q+ {[%clk 0:16:45]} 52. Kc7 {[%clk 0:15:02]} Qc1+
{[%clk 0:14:26]} 53. Bc6 {[%clk 0:14:07]} Qc5 {[%clk 0:13:45]} 54. d7
{[%clk 0:14:31]} Qa5+ {[%clk 0:13:44]} 55. Kc8 {[%clk 0:14:52]} h3
{[%clk 0:13:57]} 56. d8=R+ {[%clk 0:14:42]} Qxd8+ {[%clk 0:13:41]} 57. Kxd8
{[%clk 0:15:03]} h2 {[%clk 0:14:07]} 0-1

[Event "Marianske Lazne 2023"]
[Site "?"]
[Date "2023.01.17"]
[Round "4.19"]
[White "Nasshan, Dennis"]
[Black "Kristoferitsch, Daniel"]
[Result "1/2-1/2"]
[BlackElo "2295"]
[WhiteElo "2320"]
[LiveChessVersion "1.4.8"]

1. d4 {[%clk 1:30:57]} Nf6 {[%clk 1:30:26]} 2. c4 {[%clk 1:31:24]} e6
{[%clk 1:30:43]} 3. Nf3 {[%clk 1:31:49]} d5 {[%clk 1:31:02]} 4. Nc3
{[%clk 1:32:14]} dxc4 {[%clk 1:31:00]} 5. e4 {[%clk 1:31:31]} b5 {[%clk 1:31:22]}
6. Nxb5 {[%clk 1:28:23]} Nxe4 {[%clk 1:29:24]} 7. Qa4 {[%clk 1:28:08]} c6
{[%clk 1:28:33]} 8. Nc3 {[%clk 1:28:31]} Nxc3 {[%clk 1:28:33]} 9. bxc3
{[%clk 1:28:59]} Ba6 {[%clk 1:28:28]} 10. Bxc4 {[%clk 1:27:23]} Bxc4
{[%clk 1:28:49]} 11. Qxc4 {[%clk 1:27:52]} Bd6 {[%clk 1:28:37]} 12. O-O
{[%clk 1:26:32]} Qc7 {[%clk 1:14:48]} 13. Re1 {[%clk 1:21:53]} Nd7
{[%clk 1:12:42]} 14. Qd3 {[%clk 1:08:48]} O-O {[%clk 1:03:50]} 15. Re4
{[%clk 0:52:07]} Nf6 {[%clk 0:37:47]} 16. Rh4 {[%clk 0:46:59]} h6
{[%clk 0:38:10]} 17. Bxh6 {[%clk 0:32:39]} gxh6 {[%clk 0:37:14]} 18. Qd2
{[%clk 0:32:43]} Nh7 {[%clk 0:36:12]} 19. Qxh6 {[%clk 0:33:10]} f6
{[%clk 0:16:46]} 20. Rg4+ {[%clk 0:29:04]} Kh8 {[%clk 0:17:09]} 21. Nh4
{[%clk 0:28:46]} Rg8 {[%clk 0:16:12]} 22. Ng6+ {[%clk 0:28:11]} Rxg6
{[%clk 0:16:36]} 23. Rxg6 {[%clk 0:28:04]} Qf7 {[%clk 0:14:12]} 24. Rg4
{[%clk 0:19:20]} Rb8 {[%clk 0:12:52]} 25. Re4 {[%clk 0:15:06]} Rb5
{[%clk 0:12:27]} 26. Qh3 {[%clk 0:13:40]} f5 {[%clk 0:08:04]} 27. Re2
{[%clk 0:12:43]} Kg7 {[%clk 0:08:04]} 28. Rae1 {[%clk 0:10:16]} Ng5
{[%clk 0:08:11]} 29. Qd3 {[%clk 0:05:32]} Rb8 {[%clk 0:08:37]} 30. h3
{[%clk 0:00:49]} Rg8 {[%clk 0:04:27]} 31. Kf1 {[%clk 0:01:03]} Qg6
{[%clk 0:03:13]} 32. Rb2 {[%clk 0:00:51]} Kh8 {[%clk 0:03:16]} 33. h4
{[%clk 0:00:35]} Ne4 {[%clk 0:03:35]} 34. Qh3 {[%clk 0:00:35]} Rg7
{[%clk 0:01:24]} 35. Qf3 {[%clk 0:00:59]} Qh6 {[%clk 0:00:32]} 36. Re3
{[%clk 0:00:32]} Bf4 {[%clk 0:00:35]} 37. Rxe4 {[%clk 0:00:35]} fxe4
{[%clk 0:01:03]} 38. Qxe4 {[%clk 0:01:03]} Bd6 {[%clk 0:00:49]} 39. Re2
{[%clk 0:00:42]} Qc1+ {[%clk 0:00:31]} 40. Re1 {[%clk 0:01:03]} Qxc3
{[%clk 0:00:44]} 41. Qxe6 {[%clk 0:29:11]} Qxd4 {[%clk 0:25:45]} 42. Qh6+
{[%clk 0:23:50]} Kg8 {[%clk 0:26:03]} 43. Qe6+ {[%clk 0:24:02]} Rf7
{[%clk 0:17:37]} 1/2-1/2